[Event "23rd European Women Club Cup 2018"]
[Site "Halkidiki"]
[Date "2018.10.17"]
[Round "6"]
[White "Gunina, Valentina"]
[Black "Muzychuk, Mariya"]
[Result "0-1"]
[WhiteElo "2525"]
[BlackElo "2533"]
[Annotator "ChessBase"]
[PlyCount "110"]
[EventDate "2018.10.12"]
[EventType "team-tourn"]
[EventCountry "GRE"]
[SourceTitle "playchess.com"]
[Source "ChessBase"]
[SourceQuality "1"]
[WhiteTeam "Pentole Agnelli"]
[BlackTeam "Kyiv"]
[TimeControl "40/5400+30:1800+30"]

1. d4 {[%emt 0:00:00]} d5 {[%emt 0:00:00]} 2. c4 {[%emt 0:00:00]} e6 {[%emt 0:00:00]} 3. Nf3 {[%emt 0:00:00]} Nf6 {[%emt 0:00:08]} 4. g3 {[%emt 0:00:13]} Bb4+ {[%emt 0:00:44]} 5. Bd2 {[%emt 0:00:15]} Be7 {[%emt 0:00:04]} 6. Bg2 {[%emt 0:00:04]} O-O {[%emt 0:00:29]} 7. O-O {[%emt 0:00:07]} c6 {[%emt 0:00:38]} 8. Qc2 {[%emt 0:00:11]} Nbd7 {[%emt 0:01:01]} 9. a3 {[%emt 0:01:08]} b6 {[%emt 0:02:28]} 10. cxd5 {[%emt 0:00:19]} cxd5 {[%emt 0:00:35]} 11. Bb4 {[%emt 0:00:05]} a5 {[%emt 0:05:42]} 12. Bxe7 {[%emt 0:00:10]} Qxe7 {[%emt 0:00:03]} 13. Nc3 {[%emt 0:00:56]} Ba6 {[%emt 0:00:29]} 14. Rfe1 {[%emt 0:01:15]} Rfc8 {[%emt 0:02:07]} 15. Nd2 {[%emt 0:01:29]} b5 {[%emt 0:07:14]} 16. Qb3 {[%emt 0:00:21]} Rab8 {[%emt 0:15:40]} 17. e4 {[%emt 0:03:03]} dxe4 {[%emt 0:00:30]} 18. Ndxe4 {[%emt 0:00:39]} b4 {[%emt 0:01:16]} 19. axb4 {[%emt 0:08:32]} Bc4 {[%emt 0:01:05]} 20. Qd1 {[%emt 0:04:04]} axb4 {[%emt 0:00:37]} 21. Nxf6+ {[%emt 0:00:55]} Nxf6 {[%emt 0:00:05]} 22. Ne4 {[%emt 0:00:03]} Rd8 {[%emt 0:03:47]} 23. Ra5 {[%emt 0:00:32]} Rb5 {[%emt 0:08:52]} 24. Rxb5 {[%emt 0:01:01]} Bxb5 {[%emt 0:00:03]} 25. Qd2 {[%emt 0:00:05]} Nxe4 {[%emt 0:02:00]} 26. Bxe4 {[%emt 0:00:03]} g6 {[%emt 0:00:20]} 27. h4 {[%emt 0:05:53]} Qd6 {[%emt 0:05:29]} 28. Qg5 {[%emt 0:00:33]} Bc4 {[%emt 0:00:35]} 29. Rc1 {[%emt 0:00:13]} Bb3 {[%emt 0:06:32]} 30. h5 {[%emt 0:04:36]} Qxd4 {[%emt 0:02:39]} 31. Rc7 {[%emt 0:00:33]} Rf8 {[%emt 0:09:17]} 32. hxg6 {[%emt 0:12:06]} hxg6 {[%emt 0:00:09]} 33. Bxg6 {[%emt 0:00:24]} Qg7 {[%emt 0:01:27]} 34. Qe3 {[%emt 0:00:31]} Bd5 {[%emt 0:07:01]} 35. Be4 {[%emt 0:00:11]} Bxe4 {[%emt 0:03:47]} 36. Qxe4 {[%emt 0:00:04]} Qxb2 {[%emt 0:00:15]} 37. Rc5 {[%emt 0:01:13]} Rd8 {[%emt 0:02:10]} 38. Kg2 {[%emt 0:00:07]} Qd4 {[%emt 0:01:26]} 39. Rg5+ {[%emt 0:07:08]} Kf8 {[%emt 0:00:15]} 40. Qf3 {[%emt 0:00:00]} Rb8 {[%emt 0:00:00]} 41. Rh5 {[%emt 0:02:24]} Ke7 {[%emt 0:08:17]} 42. Qc6 {[%emt 0:01:31]} Qd6 {[%emt 0:02:27]} 43. Qc4 {[%emt 0:03:05]} b3 {[%emt 0:01:11]} 44. Qh4+ {[%emt 0:00:38]} Kd7 {[%emt 0:00:37]} 45. Rh7 {[%emt 0:00:17]} Qd5+ {[%emt 0:08:36]} 46. Kh2 {[%emt 0:00:09]} Qf5 {[%emt 0:05:14]} 47. Qd4+ {[%emt 0:00:23]} Kc6 {[%emt 0:00:20]} 48. Rh4 {[%emt 0:05:25]} b2 {[%emt 0:04:06]} 49. Qa7 {[%emt 0:49:54]} Qb5 {[%emt 0:00:59]} 50. Qxf7 {[%emt 0:03:13]} b1=Q {[%emt 0:02:58]} 51. Qxe6+ {[%emt 0:00:04]} Kb7 {[%emt 0:01:16]} 52. Qe7+ {[%emt 0:00:05]} Ka6 {[%emt 0:00:34]} 53. Rh6+ {[%emt 0:05:17]} Rb6 {[%emt 0:00:33]} 54. Rh8 {[%emt 0:00:15]} Qd5 {[%emt 0:01:16]} 55. Qe2+ {[%emt 0:00:45]} Rb5 {[%emt 0:00:44]} 0-1

[Event "23rd European Women Club Cup 2018"]
[Site "Halkidiki"]
[Date "2018.10.17"]
[Round "6"]
[White "Pogonina, Natalija"]
[Black "Cramling, Pia"]
[Result "0-1"]
[WhiteElo "2485"]
[BlackElo "2465"]
[Annotator "TA"]
[PlyCount "154"]
[EventDate "2018.10.12"]
[EventType "team-tourn"]
[EventCountry "GRE"]
[SourceTitle "playchess.com"]
[Source "ChessBase"]
[SourceQuality "1"]
[WhiteTeam "Ugra"]
[BlackTeam "Monte-Carlo"]

{[%evp 19,154,27,34,27,17,0,0,0,0,0,0,0,0,-4,0,0,0,-16,0,-12,-15,-15,-10,-42,-17,-76,-30,-58,-61,-68,-42,-48,-43,-46,-43,-49,-48,-47,-47,-51,-58,-42,-41,-37,-27,-60,-54,-55,-8,-49,0,-50,-58,-106,-112,-75,-26,-22,-22,-105,-106,-100,-40,-40,-47,-42,-50,-48,-48,-48,-48,-54,-59,-113,-116,-118,-119,-111,-114,-238,-237,-224,-129,-135,-151,-211,-112,-110,-13,-13,-8,-8,0,0,0,0,0,0,0,0,-8,-8,-8,-8,-8,-29954,0,-8,-8,-5072,-599,-29965,-29967,-29966,-29967,-29967,-29968,-29968,-29970,-29970,-29969,-29969,0,-29970,-29970,-29972,-29973,-29973,-29974,-29974,-29973,-29979,-29971,-29978,-29980,-29980,-29980]} 1. d4 Nf6 2. c4 e6 3. g3 d5 4. Bg2 dxc4 5. Nf3 c5 6. O-O Nc6 7. dxc5 Qxd1 8. Rxd1 Bxc5 9. Nbd2 c3 10. bxc3 Bd7 {LiveBook: 63 Games. E04: Open Catalan: 5 Nf3} 11. Bb2 O-O 12. Ne1 Rac8 {The position is equal.} 13. Nd3 Be7 14. Nb3 b6 15. c4 Rfd8 16. c5 Be8 {[#]} 17. Rdc1 $146 ({Predecessor:} 17. Rac1 bxc5 18. Ndxc5 Rxd1+ 19. Rxd1 {½-½ (30) Rapport,R (2715)-Moradiabadi,E (2535) Reykjavik 2018}) 17... Nd5 18. h4 h6 19. a3 bxc5 20. Nbxc5 Na5 21. a4 Nb6 22. Nb7 (22. e3 $11) 22... Nxb7 23. Bxb7 Rxc1+ 24. Rxc1 Bxa4 25. Ra1 Rd7 26. Ba6 f6 27. Ba3 Bxa3 28. Rxa3 Rc7 29. f4 Kf7 30. Kf2 Ke7 31. e4 Be8 32. Ra2 Na4 {Hoping for ...Nc3.} 33. Ke3 Nc3 34. Ra3 Na4 (34... Bg6 {feels hotter.} 35. Nf2 f5 36. Bd3 fxe4 37. Bxe4 Be8) 35. Ra2 Nc5 36. Nxc5 Rxc5 $15 {[%mdl 4096] Endgame KRB-KRB} 37. Rb2 Rc7 38. Kd4 Bc6 39. Rb8 (39. Ra2 $11 {remains equal.}) 39... Rd7+ $17 40. Ke3 Rd8 (40... e5 $17 41. fxe5 fxe5) 41. Rb1 $15 e5 42. Rc1 Kd6 43. fxe5+ fxe5 44. Ra1 $1 Rb8 45. Bd3 Rb3 46. Ra5 ({White should try} 46. Kd2 $1 $15) 46... a6 $1 $17 47. Ke2 Bb5 48. Bxb5 axb5 {KR-KR} 49. Kf2 (49. Ra6+ $17 {was called for.} Kc5 50. Rg6) 49... Kc5 $19 50. Ra7 Kd4 (50... g5 $19 51. Ra6 b4 52. Rxh6 g4) 51. Rxg7 $17 Kxe4 52. g4 (52. Kg2 $17) 52... Kf4 ({Better is} 52... b4 $19 {And now ...Rb2+ would win.} 53. Rg6 Kf4 54. Rf6+ Kxg4 55. Rxh6 Rf3+ 56. Ke2 e4) 53. g5 hxg5 (53... Rb2+ $1 $17 54. Ke1 hxg5 55. hxg5 b4) 54. hxg5 $11 e4 {With the idea ...Rb2+.} 55. g6 {Threatens to win with Rf7+.} e3+ 56. Ke2 {Strongly threatening Rf7+.} Rb2+ 57. Ke1 Rg2 58. Rg8 Kf3 {[%cal Rg2g1]} 59. Rf8+ Ke4 60. Rg8 Kd3 {[%cal Rg2g1]} 61. Rd8+ Kc3 62. Rg8 $2 {[%mdl 8192]} (62. Rc8+ $11 Kd4 63. Rg8) 62... Kd3 $2 (62... b4 $1 {mates} 63. g7 Kb2 64. Rb8 Rxg7 65. Rxb4+ Kc3 66. Rb8 Rg2 67. Re8 Kd3 68. Rd8+ Ke4 69. Re8+ Kd3 70. Rd8+ Ke4 71. Re8+ Kd4 72. Rd8+ Ke4) 63. Rd8+ Kc4 64. Rg8 $2 {[%mdl 8192]} (64. Rc8+ $11 Kd5 65. Rg8) 64... b4 $1 $19 {[%cal Rb4b3]} 65. g7 Kb3 66. Kf1 {[#]} Rf2+ $1 67. Ke1 {[#]} Rf7 $1 {[%cal Rf7c7]} (67... Rg2 68. Kd1 $19) 68. Ke2 Re7 69. Kd1 Ra7 70. Ke2 Re7 71. Kd1 {intending Ke2.} Rc7 {Black mates.} 72. Re8 Rxg7 73. Rxe3+ Ka2 74. Re2+ Ka3 75. Kc1 Rg1+ 76. Kc2 b3+ 77. Kc3 Rc1+ {Precision: White = 47%, Black = 66%.} 0-1

[Event "23rd European Women Club Cup 2018"]
[Site "Halkidiki"]
[Date "2018.10.17"]
[Round "6"]
[White "Batsiashvili, Nino"]
[Black "Ovod, Evgenija"]
[Result "1/2-1/2"]
[WhiteElo "2482"]
[BlackElo "2363"]
[Annotator "TA"]
[PlyCount "93"]
[EventDate "2018.10.12"]
[EventType "team-tourn"]
[EventCountry "GRE"]
[SourceTitle "playchess.com"]
[Source "ChessBase"]
[SourceQuality "1"]
[WhiteTeam "Nona"]
[BlackTeam "SSHOR"]

{[%evp 19,93,1,4,-23,-18,-12,-16,-43,39,24,23,0,0,0,0,0,0,-60,-60,-61,-51,-119,-99,-105,-85,-147,-141,-139,-149,-182,-190,-199,-194,-193,-210,-217,-132,-301,-286,-504,-479,-458,-457,-442,-388,-357,-187,-303,-49,-49,0,-49,-49,-201,-206,-281,0,-48,0,0,0,0,0,0,0,0,0,0,0,0,0,0,0,0,0,0]} 1. d4 d5 2. c4 e6 3. Nf3 Nf6 4. g3 dxc4 5. Bg2 c5 {[%cal Bc7c5,Bc5c4][%mdl 32]} 6. O-O Nc6 7. Qa4 Bd7 8. Qxc4 b5 9. Qd3 c4 10. Qd1 Rc8 {LiveBook: 59 Partien} 11. e3 {E04: Katalanisch} (11. b3 Na5 12. Ne5 cxb3 13. axb3 Rxc1 14. Qxc1 Nxb3 15. Qb2 Nxa1 16. Qxa1 Bd6 17. Qxa7 O-O 18. Nxd7 Nxd7 {½-½ (77) Yu,Y (2751)-Harikrishna,P (2744) Huaian 2017}) 11... Be7 12. Qe2 O-O 13. Rd1 $146 ({Vorgänger:} 13. Bd2 Qb6 14. Rc1 Rfd8 15. Qe1 Ne4 16. Nc3 Nxd2 17. Qxd2 Bb4 18. Qe2 a5 {½-½ (40) Badzgaradze,E (1744)-Beliakova,I (1770) Sochi 2015}) 13... Nb4 (13... Na5 $15) 14. Ne5 $14 Be8 15. Nc3 Nbd5 16. e4 Nxc3 17. bxc3 Nd7 18. f4 (18. Nxd7 $11 Bxd7 19. Bd2) 18... Nxe5 $15 19. fxe5 b4 20. Be3 (20. Bb2 $15) 20... bxc3 21. a4 Qa5 22. d5 (22. Rdc1 $142) 22... Bxa4 $17 23. Rdc1 Qb5 $1 24. Rxc3 Bb4 25. Rcc1 a5 26. Bh3 Rfe8 27. Rf1 Bb3 28. Qh5 $2 (28. Rf4 $17 {kämpft weiter.}) 28... Rc7 $1 $19 29. Rf6 $2 (29. Qf3) 29... Bc5 30. Bxc5 Qxc5+ 31. Rf2 g6 32. Qf3 exd5 (32... c3 $142 {[%cal Re6d5]} 33. d6 Ra7) 33. e6 (33. exd5 {war erzwungen.} Qd4 34. Re1) 33... fxe6 $2 {[#]} ({Günstiger ist} 33... f6 $1 $19 34. exd5 c3) 34. Rxa5 $3 $15 {[%mdl 512]} Qd6 (34... Qxa5 35. Bxe6+) 35. exd5 exd5 {[#] Und ...c3 würde nun gewinnen.} 36. Rxd5 $2 {[#]} ({Der einzige Zug:} 36. Ra6 $1 $15 {[%mdl 512]} Qxa6 37. Qxd5+ Kh8 38. Qd4+ Rg7 39. Rf7) 36... Qe7 $1 $19 {Droht ...c3 und aus.} 37. Rb5 {[#]} Rd8 $2 (37... c3 $1 $19 38. Bg2 (38. Rxb3 $2 c2 $19) 38... Rd8 39. Rxb3 c2 40. Rxc2 Rxc2) 38. Qc3 (38. Rd5 $5 {[%cal Rh3e6]} Re8 39. Rdd2 $19) 38... Qg7 39. Be6+ {Die Stellung ist ausgeglichen.} Kh8 $1 40. Qa5 Re8 41. Rc5 Rce7 42. Bxc4 Bxc4 43. Rxc4 Re1+ 44. Rf1 Rxf1+ 45. Kxf1 Rf8+ 46. Rf4 Rxf4+ 47. gxf4 {Precision: Weiß = 33%, Schwarz = 55%.} 1/2-1/2

[Event "23rd European Women Club Cup 2018"]
[Site "Halkidiki"]
[Date "2018.10.17"]
[Round "6"]
[White "Khotenashvili, Bela"]
[Black "Semenova, Elena"]
[Result "1-0"]
[WhiteElo "2469"]
[BlackElo "2263"]
[Annotator "ChessBase"]
[PlyCount "131"]
[EventDate "2018.10.12"]
[EventType "team-tourn"]
[EventCountry "GRE"]
[SourceTitle "playchess.com"]
[Source "ChessBase"]
[SourceQuality "1"]
[WhiteTeam "Nona"]
[BlackTeam "SSHOR"]
[TimeControl "40/5400+30:1800+30"]

1. c4 {[%emt 0:00:00]} Nf6 {[%emt 0:01:22]} 2. d4 {[%emt 0:00:00]} e6 {[%emt 0:00:10]} 3. g3 {[%emt 0:00:00]} d5 {[%emt 0:00:48]} 4. Nf3 {[%emt 0:00:05]} Be7 {[%emt 0:04:15]} 5. Bg2 {[%emt 0:00:05]} O-O {[%emt 0:00:05]} 6. O-O {[%emt 0:00:08]} dxc4 {[%emt 0:00:16]} 7. Qa4 {[%emt 0:00:41]} a6 {[%emt 0:01:36]} 8. Qxc4 {[%emt 0:00:06]} b5 {[%emt 0:00:45]} 9. Qc2 {[%emt 0:00:06]} Bb7 {[%emt 0:00:10]} 10. Bd2 {[%emt 0:00:06]} Nc6 {[%emt 0:06:38]} 11. Be3 {[%emt 0:18:10]} Nb4 {[%emt 0:05:30]} 12. Qc1 {[%emt 0:00:27]} Nbd5 {[%emt 0:16:36]} 13. Nbd2 {[%emt 0:00:42]} Nxe3 {[%emt 0:03:28]} 14. fxe3 {[%emt 0:02:38]} Ne4 {[%emt 0:03:42]} 15. Nb3 {[%emt 0:03:26]} Bd5 {[%emt 0:10:54]} 16. Ne5 {[%emt 0:02:13]} Bd6 {[%emt 0:03:00]} 17. Nd3 {[%emt 0:04:09]} h5 {[%emt 0:04:58]} 18. Nf4 {[%emt 0:03:50]} h4 {[%emt 0:02:58]} 19. Nd2 {[%emt 0:06:53]} Nxd2 {[%emt 0:06:20]} 20. Qxd2 {[%emt 0:04:30]} hxg3 {[%emt 0:00:07]} 21. hxg3 {[%emt 0:03:34]} Bxg2 {[%emt 0:04:06]} 22. Kxg2 {[%emt 0:00:10]} e5 {[%emt 0:01:22]} 23. Nh3 {[%emt 0:11:08]} Qe7 {[%emt 0:00:39]} 24. d5 {[%emt 0:06:01]} e4 {[%emt 0:03:00]} 25. Qd4 {[%emt 0:19:32]} Qe5 {[%emt 0:02:17]} 26. Qxe5 {[%emt 0:05:23]} Bxe5 {[%emt 0:00:02]} 27. Rac1 {[%emt 0:00:16]} Rfd8 {[%emt 0:03:39]} 28. Rc5 {[%emt 0:05:28]} Bxb2 {[%emt 0:08:05]} 29. Rxc7 {[%emt 0:00:17]} Rxd5 {[%emt 0:01:29]} 30. Rfxf7 {[%emt 0:00:45]} Rf8 {[%emt 0:01:57]} 31. Rxf8+ {[%emt 0:00:20]} Kxf8 {[%emt 0:00:02]} 32. Nf4 {[%emt 0:00:21]} Rd6 {[%emt 0:00:50]} 33. Ra7 {[%emt 0:01:33]} Bc1 {[%emt 0:02:05]} 34. Kf2 {[%emt 0:00:59]} Rf6 {[%emt 0:00:19]} 35. Rc7 {[%emt 0:00:32]} Bd2 {[%emt 0:00:20]} 36. Rd7 {[%emt 0:00:11]} Bc1 {[%emt 0:00:58]} 37. Rc7 {[%emt 0:00:02]} Bb2 {[%emt 0:01:40]} 38. Kg2 {[%emt 0:01:20]} a5 {[%emt 0:00:37]} 39. Ra7 {[%emt 0:01:46]} a4 {[%emt 0:00:42]} 40. Rb7 {[%emt 0:00:00]} Rf5 {[%emt 0:00:00]} 41. g4 {[%emt 0:01:21]} Rf6 {[%emt 0:06:06]} 42. Rxb5 {[%emt 0:00:35]} a3 {[%emt 0:00:19]} 43. Rb8+ {[%emt 0:06:07]} Kf7 {[%emt 0:00:21]} 44. Rb7+ {[%emt 0:00:23]} Kf8 {[%emt 0:03:21]} 45. g5 {[%emt 0:07:20]} Rd6 {[%emt 0:02:24]} 46. Rb4 {[%emt 0:08:38]} Rd2 {[%emt 0:06:28]} 47. Rxe4 {[%emt 0:00:11]} Ba1 {[%emt 0:00:52]} 48. g6 {[%emt 0:03:02]} Rxa2 {[%emt 0:01:39]} 49. Nd5 {[%emt 0:01:02]} Rxe2+ {[%emt 0:05:09]} 50. Kf3 {[%emt 0:00:18]} Rc2 {[%emt 0:01:36]} 51. Ra4 {[%emt 0:00:15]} Rc8 {[%emt 0:04:16]} 52. Rh4 {[%emt 0:04:45]} Ke8 {[%emt 0:01:54]} 53. Rh8+ {[%emt 0:00:02]} Kd7 {[%emt 0:00:04]} 54. Nb6+ {[%emt 0:00:04]} Kc7 {[%emt 0:00:13]} 55. Rxc8+ {[%emt 0:00:39]} Kxb6 {[%emt 0:00:04]} 56. Ra8 {[%emt 0:00:14]} Bb2 {[%emt 0:00:10]} 57. Ke4 {[%emt 0:00:15]} Kc5 {[%emt 0:01:50]} 58. Kf5 {[%emt 0:00:41]} Kb4 {[%emt 0:00:58]} 59. e4 {[%emt 0:00:19]} Kb3 {[%emt 0:00:04]} 60. e5 {[%emt 0:00:11]} a2 {[%emt 0:00:04]} 61. Rxa2 {[%emt 0:00:09]} Kxa2 {[%emt 0:00:02]} 62. Ke6 {[%emt 0:00:06]} Kb3 {[%emt 0:00:28]} 63. Kd6 {[%emt 0:00:05]} Ba3+ {[%emt 0:02:04]} 64. Kd7 {[%emt 0:00:02]} Kc4 {[%emt 0:00:14]} 65. e6 {[%emt 0:00:05]} Kd5 {[%emt 0:00:20]} 66. e7 1-0

[Event "23rd European Women Club Cup 2018"]
[Site "Halkidiki"]
[Date "2018.10.17"]
[Round "6"]
[White "Socko, Monika"]
[Black "Girya, Olga"]
[Result "0-1"]
[WhiteElo "2451"]
[BlackElo "2479"]
[Annotator "ChessBase"]
[PlyCount "114"]
[EventDate "2018.10.12"]
[EventType "team-tourn"]
[EventCountry "GRE"]
[SourceTitle "playchess.com"]
[Source "ChessBase"]
[SourceQuality "1"]
[WhiteTeam "Monte-Carlo"]
[BlackTeam "Ugra"]
[TimeControl "40/5400+30:1800+30"]

1. d4 {[%emt 0:00:00]} d5 {[%emt 0:00:00]} 2. c4 {[%emt 0:00:00]} c6 {[%emt 0:00:00]} 3. cxd5 {[%emt 0:00:00]} cxd5 {[%emt 0:00:00]} 4. Bf4 {[%emt 0:00:00]} Nf6 {[%emt 0:00:00]} 5. Nc3 {[%emt 0:00:00]} Nc6 {[%emt 0:00:05]} 6. e3 {[%emt 0:00:01]} Bf5 {[%emt 0:00:07]} 7. Nf3 {[%emt 0:00:10]} e6 {[%emt 0:00:57]} 8. Qb3 {[%emt 0:00:09]} Bb4 {[%emt 0:02:40]} 9. Ne5 {[%emt 0:00:14]} Bxc3+ {[%emt 0:03:59]} 10. Qxc3 {[%emt 0:01:56]} Nxe5 {[%emt 0:02:03]} 11. Bxe5 {[%emt 0:02:25]} O-O {[%emt 0:00:17]} 12. Qb4 {[%emt 0:00:26]} Rc8 {[%emt 0:17:00]} 13. Be2 {[%emt 0:00:49]} Rc2 {[%emt 0:05:19]} 14. Bd1 {[%emt 0:00:54]} Rc4 {[%emt 0:04:30]} 15. Qa3 {[%emt 0:00:14]} Ne4 {[%emt 0:15:22]} 16. O-O {[%emt 0:18:18]} f6 {[%emt 0:03:32]} 17. Bf4 {[%emt 0:02:42]} g5 {[%emt 0:01:43]} 18. Bg3 {[%emt 0:00:46]} a6 {[%emt 0:02:46]} 19. Bb3 {[%emt 0:10:20]} Rc6 {[%emt 0:00:26]} 20. Qb4 {[%emt 0:06:32]} Nxg3 {[%emt 0:01:57]} 21. fxg3 {[%emt 0:12:42]} Be4 {[%emt 0:09:44]} 22. Rac1 {[%emt 0:01:07]} Qc7 {[%emt 0:00:41]} 23. Qd2 {[%emt 0:05:07]} Rc8 {[%emt 0:10:29]} 24. Rxc6 {[%emt 0:02:28]} Qxc6 {[%emt 0:00:01]} 25. Rxf6 {[%emt 0:15:06]} Qc1+ {[%emt 0:00:05]} 26. Qxc1 {[%emt 0:00:55]} Rxc1+ {[%emt 0:00:02]} 27. Rf1 {[%emt 0:00:32]} Rc6 {[%emt 0:00:21]} 28. g4 {[%emt 0:00:51]} Kg7 {[%emt 0:02:07]} 29. g3 {[%emt 0:00:41]} Bd3 {[%emt 0:04:10]} 30. Rd1 {[%emt 0:08:05]} Be2 {[%emt 0:01:40]} 31. Rd2 {[%emt 0:00:38]} Rc1+ {[%emt 0:00:15]} 32. Kf2 {[%emt 0:08:19]} Bxg4 {[%emt 0:00:05]} 33. Rc2 {[%emt 0:00:23]} Rb1 {[%emt 0:00:31]} 34. Rc7+ {[%emt 0:02:07]} Kf6 {[%emt 0:00:16]} 35. Rxh7 {[%emt 0:00:44]} Rxb2+ {[%emt 0:00:13]} 36. Kf1 {[%emt 0:01:04]} b5 {[%emt 0:04:11]} 37. h3 Bf5 {[%emt 0:02:07]} 38. Ra7 {[%emt 0:01:16]} Bxh3+ {[%emt 0:01:36]} 39. Ke1 {[%emt 0:00:01]} Bg4 {[%emt 0:03:58]} 40. Rxa6 {[%emt 0:00:00]} Kf5 {[%emt 0:00:00]} 41. Rb6 {[%emt 0:08:17]} Ke4 {[%emt 0:05:55]} 42. Rxb5 {[%emt 0:00:36]} Kxe3 {[%emt 0:00:31]} 43. Ba4 {[%emt 0:03:06]} Re2+ {[%emt 0:04:48]} 44. Kf1 {[%emt 0:00:04]} Bh3+ {[%emt 0:00:06]} 45. Kg1 {[%emt 0:00:06]} Rg2+ {[%emt 0:00:16]} 46. Kh1 {[%emt 0:00:03]} Rxa2 47. Rb4 {[%emt 0:04:15]} Bg2+ {[%emt 0:02:17]} 48. Kg1 {[%emt 0:00:04]} Be4 {[%emt 0:00:19]} 49. Rb3+ {[%emt 0:02:08]} Kxd4 {[%emt 0:00:06]} 50. Bd7 {[%emt 0:00:12]} e5 {[%emt 0:00:44]} 51. Bc6 {[%emt 0:00:48]} Rc2 {[%emt 0:00:45]} 52. Bb7 {[%emt 0:01:29]} Rc3 {[%emt 0:00:27]} 53. Rxc3 {[%emt 0:06:56]} Kxc3 {[%emt 0:01:10]} 54. Kh2 {[%emt 0:00:20]} Kd2 {[%emt 0:01:32]} 55. Kh3 {[%emt 0:01:15]} Bf3 {[%emt 0:00:08]} 56. g4 {[%emt 0:00:17]} Ke3 {[%emt 0:00:08]} 57. Kg3 {[%emt 0:00:32]} Be4 {[%emt 0:00:04]} 0-1

[Event "23rd European Women Club Cup 2018"]
[Site "Halkidiki"]
[Date "2018.10.17"]
[Round "6"]
[White "Mammadzada, Gunay"]
[Black "Shvayger, Yuliya"]
[Result "1/2-1/2"]
[WhiteElo "2438"]
[BlackElo "2375"]
[Annotator "NA"]
[PlyCount "73"]
[EventDate "2018.10.12"]
[EventType "team-tourn"]
[EventCountry "GRE"]
[SourceTitle "playchess.com"]
[Source "ChessBase"]
[SourceQuality "1"]
[WhiteTeam "Odlar Yurdu"]
[BlackTeam "Beer Sheva"]
[TimeControl "40/5400+30:1800+30"]

1. e4 {[%emt 0:00:00]} c5 {[%emt 0:00:00]} 2. Nf3 {[%emt 0:00:15]} Nc6 {[%emt 0:00:00]} 3. d4 {[%emt 0:00:05]} cxd4 {[%emt 0:00:00]} 4. Nxd4 {[%emt 0:00:06]} e5 {[%emt 0:00:00]} 5. Nb5 {[%emt 0:00:04]} d6 {[%emt 0:00:15]} 6. N1c3 {[%emt 0:00:19]} a6 {[%emt 0:00:29]} 7. Na3 {[%emt 0:00:02]} b5 {[%emt 0:00:09]} 8. Nd5 {[%emt 0:00:11]} Nge7 {[%emt 0:00:26]} 9. c4 {[%emt 0:00:12]} Nxd5 {[%emt 0:00:31]} 10. cxd5 {[%emt 0:00:06]} Nd4 {[%emt 0:01:03]} 11. Bd3 {[%emt 0:00:52]} g6 {[%emt 0:01:23]} 12. O-O {[%emt 0:01:24]} Bg7 {[%emt 0:00:15]} 13. Be3 {[%emt 0:01:00]} O-O {[%emt 0:00:30]} 14. Nc2 {[%emt 0:00:56]} Nxc2 {[%emt 0:06:24]} 15. Qxc2 {[%emt 0:00:40]} Bd7 {[%emt 0:00:08]} 16. Rac1 {[%emt 0:03:00]} Rc8 {[%emt 0:02:11]} 17. Qd2 {[%emt 0:00:47]} f5 {[%emt 0:02:22]} 18. Rxc8 {[%emt 0:23:13]} Bxc8 {[%emt 0:09:15]} 19. Qb4 {[%emt 0:07:48]} f4 {[%emt 0:01:40]} 20. Bd2 {[%emt 0:00:10]} Qb6 {[%emt 0:08:24]} 21. Rc1 {[%emt 0:07:40]} Bd7 {[%emt 0:00:37]} 22. a4 {[%emt 0:00:54]} Bf6 {[%emt 0:02:45]} 23. a5 {[%emt 0:18:07]} Qb8 {[%emt 0:00:39]} 24. Be2 {[%emt 0:02:23]} Be7 {[%emt 0:10:59]} 25. Bc3 {[%emt 0:05:44]} Rc8 {[%emt 0:02:41]} 26. Re1 {[%emt 0:01:13]} Re8 {[%emt 0:08:28]} 27. Qb3 {[%emt 0:03:40]} Bf6 {[%emt 0:01:19]} 28. Bb4 {[%emt 0:01:49]} Rc8 {[%emt 0:00:47]} 29. g3 {[%emt 0:01:28]} g5 {[%emt 0:03:15]} 30. Qd1 {[%emt 0:00:32]} Rf8 {[%emt 0:03:05]} 31. Bg4 {[%emt 0:02:30]} Qc8 {[%emt 0:00:01]} 32. Be2 {[%emt 0:06:23]} Be7 {[%emt 0:00:32]} 33. Qd2 {[%emt 0:00:43]} Qb8 {[%emt 0:05:53]} 34. Rc1 {[%emt 0:02:07]} Rc8 {[%emt 0:03:53]} 35. Kg2 {[%emt 0:03:03]} Rxc1 {[%emt 0:02:36]} 36. Qxc1 {[%emt 0:00:01]} Qc8 {[%emt 0:00:10]} 37. Qxc8+ {[%emt 0:02:38]} 1/2-1/2